000 00501nam a2200145 4500
999 _c10890
_d10890
008 180925b ||||| |||| 00| 0 eng d
022 _a2094-8042
082 _aDPer 370.105 M72 Jan-Dec 2011 v59-60
100 _931674
_aGenio, Maria Teresa D.
245 _aChild abuse causes low self-image/
_cMaria Teresa D. Genio.
260 _aPhilippines:
_bIn the Grade School, Inc.,
_cc2011.
300 _av60 n5, pages 197-198:
_billustrations;
_c27cm.
650 0 _931675
_aChild abuse.
942 _2ddc
_cPER